Gimme Gimme Gimme! - ABBA (All Lyrics) - Statistics

General Stats
  • This quiz has been taken 3,649 times
    2,491 since last reset
  • The average score is 197 of 272
Answer Stats
Answer % Correct
a
99%
Gimme
97%
gimme
97%
man
97%
midnight.
96%
after
94%
the
93%
me
90%
I
87%
so
87%
to
83%
somebody
77%
away.
74%
help
74%
my
73%
on
73%
of
72%
shadows
71%
Won't
67%
and
66%
And
66%
day.
66%
Take
66%
there.
66%
there
66%
there?
66%
There's
66%
there's
66%
chase
65%
No
65%
no
65%
out
65%
hear
64%
one
61%
in
60%
in.
60%
prayer.
59%
not
58%
break
57%
darkness
57%
soul
56%
Half
54%
I'm
54%
past
54%
through
54%
it
51%
twelve
51%
all
49%
own.
47%
see
47%
see,
47%
evening
44%
night.
44%
hate
43%
spend
43%
watching
43%
win.
43%
alone.
42%
How
41%
late
40%
show
40%
window
39%
room.
37%
look
36%
as
35%
depressed
35%
makes
35%
Movie
34%
from
33%
flat
32%
It's
32%
end
31%
stars
30%
around
29%
But
28%
into
28%
nothing
26%
TV.
26%
with
26%
world
26%
living
25%
outside
25%
gloom.
24%
sight.
24%
different
23%
gaze
22%
open
21%
Tired
21%
rainbow,
20%
blowing
19%
Autumn
18%
fortune
18%
winds
18%
find
14%
No matching quizzes found
Score Distribution
Percent of People with Each Score
Percentile by Number Answered
Your Score History
You have not taken this quiz since the last reset